banner koha

O Nordeste seco: Apreciacao panoramica [Brasil] (Registro n. 270957)

MARC details
000 -LÍDER
campo de controle de tamanho fixo 00887nac a22002537a 4500
001 - NÚMERO DE CONTROLE
campo de controle BR8003770
003 - IDENTIFICADOR DO NÚMERO DE CONTROLE
campo de controle BR-BrBNA
005 - DATA E HORÁRIO DA ÚLTIMA TRANSAÇÃO
campo de controle 20240105114725.0
008 - CAMPO DE DADOS FIXOS--INFORMAÇÃO GERAL
campo de controle de tamanho fixo 230509b bl.|||m| |||| 00| 0 por d
040 ## - FONTE DA CATALOGAÇÃO
Instituição da catalogação original BR-BrBNA
Idioma da catalogação por
Instituição que transcreveu o registro Biblioteca Nacional de Agricultura
072 ## - CÓDIGO DE CATEGORIA DE ASSUNTO
Código de Categoria de Assunto F10
090 ## - NÚMERO DE CHAMADA LOCAL
Número de chamada F10 BR8003770
100 1# - ENTRADA PRINCIPAL--NOME PESSOAL
Nome pessoal Gomes, M.A.F.
110 1# - ENTRADA PRINCIPAL--NOME CORPORATIVO
Nome corporativo ou nome da jurisdição Universidade Estadual Paulista Julio de Mesquita Filho, Sao Jose do Rio Preto, SP (Brasil). Inst. de Biociencias, Letras e Ciencias Exatas
9 (RLIN) 10703
245 1# - TÍTULO
Título O Nordeste seco: Apreciacao panoramica [Brasil]
260 3# - PUBLICAÇÃO, DISTRIBUIÇÃO, ETC.
Local de publicação, distribuição, etc. Sao Jose do Rio Preto, SP (Brasil):
Data da publicação, distribuição, etc. 1980.
300 ## - DESCRIÇÃO FÍSICA
Extensão 15 p.
490 ## - TÍTULO DA SÉRIE
Título da série Inter-Facies. Escritos e Documentos (Brazil)
Número do volume ou designação sequencial da série no. 25
ISSN - International Standard Serial Number
500 ## - NOTA GERAL
Nota geral Bibliography p. 8-15 (66 ref.)
650 ## - ASSUNTO--TERMO TÓPICO
Cabeçalho tópico ou nome geográfico SECA
650 ## - ASSUNTO--TERMO TÓPICO
Cabeçalho tópico ou nome geográfico REGIAO NORDESTE
909 ## -
-- 202312
-- Lúcia Elande
-- 55
-- Lúcia Elande
942 ## - ELEMENTOS DE ENTRADA ADICIONADOS (KOHA)
Fonte da classificação ou esquema de arquivamento na estante Classificação AGRIS
Ocultar no OPAC Não
Tipo de material Koha Monografia Seriada
Exemplares
Situação do descarte Fonte da classificação ou esquema de arquivamento na estante Situação física Não pode ser emprestado Coleção Biblioteca de origem Biblioteca atual Localização na estante Total de empréstimos Número de telefone completo Código de barras Data de último acesso Tipo de material Koha Fonte de aquisição
  Classificação AGRIS       Biblioteca Nacional de Agricultura - Binagri Biblioteca Nacional de Agricultura - Binagri Agrobase - Acervo Geral   F10 BR8003770 F10 BR8003770 18/12/2023 Monografia Seriada Portaria Interministerial nº 164/94

BINAGRI

Telefone: (61)3218-2567/2388/3357/2097 - binagri@agro.gov.br

Ministério da Agricultura e Pecuária , Esplanada dos Ministérios, Bloco D, Anexo B, Brasília/DF, CEP: 70.043-900